[Event "OP-2022-0-05351"]
[Site "LSS email"]
[Date "2022.11.06"]
[Round "?"]
[White "Oliger, Mark"]
[Black "Van Bommel, Ton"]
[Result "1/2-1/2"]
[WhiteElo "2123"]
[BlackElo "2142"]
[PlyCount "55"]
[EventDate "2022.11.02"]
[EventType "tourn (corr)"]
[EventRounds "4"]
[EventCountry "GER"]
[SourceTitle "Corr 2024"]
[Source "ChessBase"]
[SourceDate "2023.10.19"]
[SourceVersion "1"]
[SourceVersionDate "2023.10.19"]
[SourceQuality "1"]

1. e4 e6 2. d4 d5 3. Nc3 Nf6 4. e5 Nfd7 5. f4 c5 6. Nf3 Nc6 7. Be3 a6 8. Ne2 Qb6 9. Qc1 Be7 10. c3 f6 11. h4 0-0 12. h5 h6 13. Qd2 a5 14. a3 Qc7 15. Nc1 a4 16. Bd3 Na5 17. Bf2 fxe5 18. dxe5 b5 19. Bh4 Bxh4+ 20. Nxh4 Nc4 21. Bxc4 bxc4 22. 0-0 Rd8 23. Ne2 Nf8 24. Ng3 Qe7 25. Nf3 Bd7 26. Rad1 Rab8 27. Qe2 Rb7 28. Rf2 1/2-1/2

[Event "OP-2022-0-05351"]
[Site "LSS email"]
[Date "2022.11.05"]
[Round "?"]
[White "Van Bommel, Ton"]
[Black "Maly, Marian"]
[Result "1-0"]
[WhiteElo "2142"]
[BlackElo "716"]
[PlyCount "33"]
[EventDate "2022.11.02"]
[EventType "tourn (corr)"]
[EventRounds "4"]
[EventCountry "GER"]
[SourceTitle "Corr 2024"]
[Source "ChessBase"]
[SourceDate "2023.10.19"]
[SourceVersion "1"]
[SourceVersionDate "2023.10.19"]
[SourceQuality "1"]

1. d4 d5 2. c4 dxc4 3. e4 b5 4. a4 Bd7 5. axb5 Bxb5 6. Na3 c6 7. Bxc4 Bxc4 8. Nxc4 e6 9. Nf3 h6 10. 0-0 Nf6 11. Qb3 Nxe4 12. Re1 Nf6 13. Nfe5 Qxd4 14. Qb7 Be7 15. Be3 Qd5 16. Red1 Qb5 17. Qc8+ 1-0

[Event "RM-2022-0-00270"]
[Site "LSS email"]
[Date "2022.10.06"]
[Round "?"]
[White "Van Bommel, Ton"]
[Black "Ozen, Bahadir"]
[Result "1/2-1/2"]
[WhiteElo "2164"]
[BlackElo "2256"]
[PlyCount "48"]
[EventDate "2022.06.10"]
[EventType "tourn (corr)"]
[EventRounds "6"]
[EventCountry "GER"]
[SourceTitle "Corr 2024"]
[Source "ChessBase"]
[SourceDate "2023.10.19"]
[SourceVersion "1"]
[SourceVersionDate "2023.10.19"]
[SourceQuality "1"]

1. d4 Nf6 2. c4 e6 3. Nf3 d5 4. e3 dxc4 5. Bxc4 c5 6. 0-0 a6 7. b3 Nbd7 8. Bb2 Be7 9. dxc5 Bxc5 10. Nbd2 b6 11. a3 0-0 12. b4 Be7 13. Qe2 Bb7 14. Rfd1 b5 15. Bd3 Rc8 16. Ne5 Nxe5 17. Bxe5 Qd5 18. Nf3 Ne4 19. Bc2 Qc6 20. Nd4 Qb6 21. Nb3 Nc3 22. Qg4 g6 23. Re1 f5 24. Qg3 Rf7 1/2-1/2

[Event "OP-2022-0-05333"]
[Site "LSS email"]
[Date "2022.09.25"]
[Round "?"]
[White "Van Bommel, Ton"]
[Black "Heyn, Wolfgang"]
[Result "1-0"]
[WhiteElo "2169"]
[BlackElo "1804"]
[PlyCount "65"]
[EventDate "2022.09.19"]
[EventType "tourn (corr)"]
[EventRounds "4"]
[EventCountry "GER"]
[SourceTitle "Corr 2024"]
[Source "ChessBase"]
[SourceDate "2023.10.19"]
[SourceVersion "1"]
[SourceVersionDate "2023.10.19"]
[SourceQuality "1"]

1. d4 Nf6 2. c4 g6 3. Nc3 d5 4. cxd5 Nxd5 5. e4 Nxc3 6. bxc3 Bg7 7. Bc4 c5 8. Ne2 Nc6 9. Be3 0-0 10. 0-0 Bd7 11. Rb1 Qc7 12. Bd3 a6 13. a4 e6 14. Bf4 e5 15. Bg3 Na5 16. dxe5 Bxe5 17. f4 Bh8 18. f5 Be5 19. Qd2 Bxg3 20. Nxg3 Qe5 21. Be2 Bc6 22. f6 Kh8 23. Qh6 Rg8 24. Rf4 g5 25. Rf5 Qxc3 26. Bh5 Qc4 27. Rd1 Qxa4 28. Rff1 Raf8 29. Nf5 Qxe4 30. Qg7+ Rxg7 31. fxg7+ Kg8 32. gxf8R+ Kxf8 33. Rd8+ 1-0

[Event "OP-2022-0-05329"]
[Site "LSS email"]
[Date "2022.09.13"]
[Round "?"]
[White "Vitello, Gabry"]
[Black "Van Bommel, Ton"]
[Result "1/2-1/2"]
[WhiteElo "1755"]
[BlackElo "2170"]
[PlyCount "44"]
[EventDate "2022.09.13"]
[EventType "tourn (corr)"]
[EventRounds "4"]
[EventCountry "GER"]
[SourceTitle "Corr 2024"]
[Source "ChessBase"]
[SourceDate "2023.10.19"]
[SourceVersion "1"]
[SourceVersionDate "2023.10.19"]
[SourceQuality "1"]

1. d4 Nf6 2. Nf3 g6 3. c4 Bg7 4. Nc3 d5 5. Qb3 dxc4 6. Qxc4 0-0 7. e4 a6 8. Qb3 b5 9. Be2 c5 10. dxc5 Be6 11. Qc2 Nbd7 12. Be3 Rc8 13. Rd1 b4 14. Nd5 Bxd5 15. exd5 Nxc5 16. 0-0 a5 17. Rfe1 Ncd7 18. Qd2 Ne4 19. Qd3 Nec5 20. Qd2 Ne4 21. Qd3 Nec5 22. Qd2 Ne4 1/2-1/2

[Event "OP-2022-0-05298"]
[Site "LSS email"]
[Date "2022.06.11"]
[Round "?"]
[White "Van Bommel, Ton"]
[Black "Cerne, Peter"]
[Result "1-0"]
[WhiteElo "2168"]
[BlackElo "1607"]
[PlyCount "107"]
[EventDate "2022.06.06"]
[EventType "tourn (corr)"]
[EventRounds "4"]
[EventCountry "GER"]
[SourceTitle "Corr 2024"]
[Source "ChessBase"]
[SourceDate "2023.10.19"]
[SourceVersion "1"]
[SourceVersionDate "2023.10.19"]
[SourceQuality "1"]

1. e4 c5 2. Nf3 g6 3. d4 cxd4 4. Nxd4 Nc6 5. c4 Nf6 6. Nc3 d6 7. Be2 Nxd4 8. Qxd4 Bg7 9. Be3 0-0 10. Qd3 Qa5 11. 0-0 Be6 12. Rac1 a6 13. b3 b5 14. cxb5 axb5 15. Nxb5 Qxa2 16. Nc7 Rab8 17. Nxe6 fxe6 18. Rc2 Qxb3 19. Qxb3 Rxb3 20. Bc4 Rb4 21. Bxe6+ Kh8 22. f3 Ng4 23. Bxg4 Bf6 24. Be6 Kg7 25. Bd5 h6 26. Rc7 g5 27. g3 Kh8 28. Kg2 Rb2+ 29. Rf2 Rfb8 30. Bc1 Rxf2+ 31. Kxf2 Bd4+ 32. Ke2 Bb2 33. Be3 Bf6 34. Bb7 Rg8 35. Ba7 h5 36. Bd5 Rg6 37. Rc8+ Kh7 38. Be6 Kg7 39. Be3 Bb2 40. Bf5 Rf6 41. Rc7 Kf7 42. Bxg5 d5 43. Bxf6 Kxf6 44. Rc6+ Kf7 45. Bg6+ Kg8 46. exd5 h4 47. gxh4 Kg7 48. f4 Ba3 49. h5 Bb4 50. Kf3 Bd6 51. Kg4 Kh6 52. Rc8 Ba3 53. Rf8 Kg7 54. Rf7+ 1-0

[Event "RM-2022-0-00265"]
[Site "LSS email"]
[Date "2022.05.20"]
[Round "?"]
[White "Almeida, Ramiro"]
[Black "Van Bommel, Ton"]
[Result "0-1"]
[WhiteElo "2193"]
[BlackElo "2162"]
[PlyCount "32"]
[EventDate "2022.03.19"]
[EventType "tourn (corr)"]
[EventRounds "6"]
[EventCountry "GER"]
[SourceTitle "Corr 2024"]
[Source "ChessBase"]
[SourceDate "2023.10.19"]
[SourceVersion "1"]
[SourceVersionDate "2023.10.19"]
[SourceQuality "1"]

1. e4 g6 2. d4 Bg7 3. Nc3 d6 4. Be3 a6 5. Nf3 Nf6 6. Qd2 0-0 7. Bd3 Nbd7 8. 0-0-0 Ng4 9. Bg5 c5 10. a3 h6 11. Be3 b5 12. dxc5 Nxe3 13. Qxe3 Nxc5 14. h4 Be6 15. e5 Qb6 16. Ne4 Nxd3+ 0-1

[Event "RM-2022-0-00260"]
[Site "LSS email"]
[Date "2022.03.01"]
[Round "?"]
[White "Martin, Simone"]
[Black "Van Bommel, Ton"]
[Result "1/2-1/2"]
[WhiteElo "2168"]
[BlackElo "2162"]
[PlyCount "54"]
[EventDate "2022.02.10"]
[EventType "tourn (corr)"]
[EventRounds "6"]
[EventCountry "GER"]
[SourceTitle "Corr 2024"]
[Source "ChessBase"]
[SourceDate "2023.10.19"]
[SourceVersion "1"]
[SourceVersionDate "2023.10.19"]
[SourceQuality "1"]

1. e4 c5 2. d3 Nc6 3. f4 g6 4. Nf3 Bg7 5. c3 Nf6 6. Be2 0-0 7. 0-0 b6 8. a4 d6 9. Na3 Rb8 10. Nc2 a6 11. Rb1 e6 12. b4 Bb7 13. b5 axb5 14. axb5 Ne7 15. c4 Ne8 16. Re1 Ra8 17. Ne3 e5 18. fxe5 dxe5 19. Bf1 f5 20. Nd5 Nd6 21. Bb2 Nf7 22. Ra1 Rxa1 23. Qxa1 Re8 24. Bc3 fxe4 25. dxe4 Bxd5 26. exd5 Qb8 27. Bd3 Nf5 1/2-1/2